000 01086nam a2200205Ia 4500
001 b5724-38515
003 IT-MiCISF
008 161014s9999||||xx |||||||||||||| ||und||
040 _aIT-MiCISF
_cIT-MiCISF
041 _ait
100 _aMordacci Roberto
245 0 _aUna introduzione alle teorie morali
_bConfronto con la bioetica
250 _a1a ed.
260 _a Milano
_bFeltrinelli
_c2003
300 _app. 414
500 _a / bioetica, morale, teoria, etica, filosofia, femminismo / Il libro analizza le principali teorie morali presenti nel dibattito contemporaneo, utilizzando le questioni di bioetica come terreno di confronto fra le argomentazioni e le articolazioni teoriche di ciascuna. Ogni teoria è illustrata attraverso tre dimensioni principali: i presupposti storiografici e metaetici (la concezione del linguaggio morale e della moralità), i criteri normativi fondamentali (virtù, principi, regole e diritti) e le principali applicazioni in ambito bioetico.
650 _a Temi di bioetica / bioetica
_e011
942 _cBK
957 _71
999 _a38515
_bsi
_g1
_c211392
_d211392